Quizzes
Events
Quiz Creation
Community
Videos
Private Events
Remove Ads
Sign In
Join for FREE
Feedback
Dark Mode
Quiz Categories
Sports
Geography
Music
Movies
Television
Just For Fun
Miscellaneous
History
Literature
Language
Science
Gaming
Entertainment
Religion
Holiday
For Kids
Quiz Lab
Recent
Popular Today
Quiz Kudos Today
Editor Picks
Curator Picks
Quizzes by...
Day
Popularity
Type
Ratings
Length
Year
Community
Subscriptions
Recent Discussions
Orange Saloon
Badges
Playlists
Quests
Create
Leaderboards
Showdown
Live 5
Trivia Bingo
Activity
Puzzle Library
Sporcle Events
Private Events
Virtual Trivia
Globe League
Become a Host
Pub Owners
SporcleCon
Opinionation
Our Games
Videos
Blog
Mobile Apps
Partnerships
Remove Ads and Go Orange
Feedback
Just For Fun
Clickable
Get the Picture
Humor
Quick Pick
Word Ladder
Missing Word
Mixed Word
Blitz
Minefield
This or That
Alphabet
Color
Typing
Sporcle
Puzzle
Word Play
Follow That Line
Logic
Just For Fun
Clickable
Get the Picture
Humor
Quick Pick
Word Ladder
Missing Word
Mixed Word
Blitz
Minefield
This or That
Alphabet
Color
Typing
Sporcle
Puzzle
Word Play
Follow That Line
Logic
Random Quiz
Search Sporcle
×
Quiz Lab
Quiz Lab
Just For Fun
phrase
Type in answers that appear in a list
Type in answers that appear in a list
Classic
Best Score? Go Orange.
Top Searches by Kids Stats
Can you name the most searched terms by kids in the U.S.?
By
alakocy
12m
101 Questions
41 Plays
41 Plays
41 Plays
Comments
Comments
Give Quiz Kudos
Give Quiz Kudos
-
- Ratings
hide this ad
More Info
Replay
Link that replays current quiz
Next Quiz
Link to next quiz in quiz playlist
You Got
0%
They Got
Avg Score
26%
Avg Friend Score
Upgrade to see
Score Distribution
Jump to the score distribution portion of the page
Score
0/101
Timer
12:00
0
Plays Today
Rank
Search
% Correct
3
facebook
97.6%
39
facebook login
97.6%
49
facebook.com
97.6%
2
google
90.2%
24
google.com
90.2%
7
yahoo
82.9%
31
yahoo.com
82.9%
5
myspace
80.5%
24
myspace.com
80.5%
62
myspace layouts
80.5%
6
porn
63.4%
56
twitter
61%
1
youtube
48.8%
4
sex
48.8%
11
you tube
48.8%
12
youtube.com
48.8%
35
amazon
48.8%
60
www.youtube.com
48.8%
78
u tube
48.8%
13
gmail
43.9%
93
gmail.com
43.9%
20
hotmail
41.5%
28
boobs
41.5%
67
hotmail.com
41.5%
10
ebay
36.6%
42
disney channel
36.6%
85
disney
36.6%
15
miley cyrus
34.1%
27
hannah montana
34.1%
30
lady gaga
34.1%
38
msn
34.1%
33
walmart
29.3%
14
wikipedia
26.8%
19
taylor swift
26.8%
Rank
Search
% Correct
21
norton safety minder*
26.8%
89
norton online family*
26.8%
55
selena gomez
24.4%
78
harry potter
24.4%
93
swine flu
24.4%
78
beyonce
22%
81
girls
22%
88
naked
22%
89
nude
22%
98
ask.com
22%
17
games
19.5%
47
jonas brothers
17.1%
49
dictionary
17.1%
49
halo
17.1%
72
p*ssy
17.1%
86
naked girls
17.1%
29
twilight
14.6%
34
craigslist
14.6%
46
target
14.6%
48
pokemon
14.6%
49
eminem
14.6%
69
demi lovato
14.6%
71
music
14.6%
72
britney spears
14.6%
89
playboy
14.6%
96
chris brown
14.6%
32
yahoo mail
12.2%
89
itunes
12.2%
23
addicting games
9.8%
40
poker face
9.8%
41
lil wayne
9.8%
76
cartoon network
9.8%
87
hulu
9.8%
93
xxx
9.8%
Rank
Search
% Correct
8
michael jackson
7.3%
9
fred
7.3%
22
club penguin
7.3%
26
boom boom pow
7.3%
44
weather
7.3%
45
megan fox
7.3%
57
new moon
7.3%
65
funny
7.3%
70
family guy
7.3%
77
boom boom pow black eyed peas
7.3%
84
new moon trailer
7.3%
96
black eyed peas
7.3%
100
you belong with me
7.3%
18
miniclip
4.9%
43
google earth
4.9%
53
the climb
4.9%
61
hoedown throwdown
4.9%
63
im on a boat
4.9%
64
dont trust me
4.9%
66
soulja boy
4.9%
68
photobucket
4.9%
72
thriller
4.9%
72
transformers 2
4.9%
82
best buy
4.9%
83
gummy bear song
4.9%
16
webkinz
2.4%
36
mapquest
2.4%
37
runescape
2.4%
54
poptropica
2.4%
57
google maps
2.4%
57
right round
2.4%
99
nigahiga
2.4%
100
kiss me through the phone
2.4%
Quiz Playlist
Details
Report
Send in Message
Add To Playlist
More Info:
*Data based off kid's searches only on computers with Norton Online Family installed
Classic:
Type in answers that appear in a list
Quiz Source
Last Updated: Feb 16, 2017
Quiz Scoreboard
CHALLENGE
Sign Up to Join the Scoreboard
Show All
Scores
Hide
Comments
May contain spoilers
Recently Published
Movies - When Are They Set?
by FPL_Elf
Movies
5m
Popular People in 1961
by mucciniale
History
6m
1-10 Letter E Words III
by El_Dandy
Language
2m
More to Explore
Quiz From the Vault
Featured Blog Post
Where Did the Easter Bunny Come From?
hide this ad
You Might Also Like...
Tags
Children
Online Searches
phrase
search
Search Engines
Term
Today's Top Quizzes in Just For Fun
Browse Just For Fun
hide this ad
Today's Top Quizzes in phrase
Browse phrase
Top Contributed Quizzes in Just For Fun
1
Harry Potter Logic - 'In Chains' II
2
Crossword Whiteout! 49
3
Survivor Winners Logic Puzzle
4
1-30 Clickable Mines
5
Harry Potter Logic Puzzle
6
one piece logic puzzle
7
Thermometer Puzzle 25
8
Zeroing In: Just For Fun
9
Word Ladder: Ahoy Matey
10
Aquarium Logic Puzzle 17
Explore More
Trending Topics
Anime
Disney
Harry Potter
NBA
Marvel
Crossword
Kpop
Puzzle
Pokémon
WWE
Country
Song
NFL
Soccer
The Office
hide this ad
More By:
alakocy
Quiz
Plays
Rating
Category
Featured
Created
Oldest Major American Universities
1,022
4.36
History
Feb 2, 2011
Top Selling Artists in America
344
4.00
Music
Feb 2, 2011
Top Google Searches 2010
77
4.00
Just For Fun
Feb 2, 2011
Top Searches by Kids
41
1.50
Just For Fun
Feb 2, 2011
Go to Creator's Profile
Score Distribution
Quiz Creator Spotlight
alakocy
Follow
Send a Message
Quizzes Created
-
Created Quiz Play Count
-
More By This Creator
Popular Quizzes Today
1
Find the Countries of Europe - No Outlines Minefield
2
Find the US States - No Outlines Minefield
3
The Countries of the World
4
Popular People in 1961
5
1-10 Letter E Words III
6
US States
7
Find the US States
8
One Thing in Common: World Cities II
More Just For Fun Quizzes
Missing Word: Boy Meets Girl...
Published
Trending Quizzes
Risky Map Clicking: Least Populous States A-Z
Humor Books: The Subtitles
1-10 Letter F Words
1-10 Letter G Words
One Thing in Common: United Kingdom
Recently Updated
Leaping Animals
pecheneg
Reality TV Shows (A-Z)
bhenderson79
Rickey Henderson's Hall of Fame Teammates
pecheneg
Champions League XIs: Arsenal
pecheneg
Quick Pick: Celebrities in WWE's Hall of Fame
aduchscher
A-Z Keypad Blitz II
pecheneg
Multiple Oscar Actors
pecheneg
Mystery Phrase Blitz: Oscar 'Best Actors'
pecheneg
F. Scott Fitzgerald Novels
LTH
Pick 3 Villains
ddd62291
Trending Topics
NBA
Anime
Crossword
Kpop
Disney
Marvel
Harry Potter
The Office
NFL
WWE
Song
Country
Puzzle
Soccer
Pokémon
Your Account Isn't Verified!
In order to create a playlist on Sporcle, you need to verify the email address you used during registration. Go to your
Sporcle Settings
to finish the process.
Report this User
Report this user for behavior that violates our
Community Guidelines
.
Details:
Send Report
Go to the Sporcle.com Mobile Site →
Comments